Apuntes sobre las danzas de Cuetzalan (Record no. 10387)
[ view plain ]
| 000 -CABECERA | |
|---|---|
| campo de control de longitud fija | 00865nam a2200253 a 4500 |
| 001 - NÚMERO DE CONTROL | |
| campo de control | BRL_1578 |
| 005 - FECHA Y HORA DE LA ÚLTIMA TRANSACCIÓN | |
| campo de control | 20190320211254.0 |
| 008 - DATOS DE LONGITUD FIJA--INFORMACIÓN GENERAL | |
| campo de control de longitud fija | 180314s1986----mx-ao#####---#000-0#spa-# |
| 041 ## - CÓDIGO DE LENGUA | |
| Código de lengua del texto/banda sonora o título independiente | spa |
| 044 ## - CÓDIGO DEL PAÍS DE LA ENTIDAD EDITORA/PRODUCTORA | |
| Código MARC del país | mx |
| 050 #4 - SIGNATURA TOPOGRÁFICA DE LA BIBLIOTECA DEL CONGRESO | |
| Número de clasificación | GV1628.C8 |
| Número de documento/Ítem | .M47 1986 |
| 100 1# - ENTRADA PRINCIPAL--NOMBRE DE PERSONA | |
| Nombre de persona | Merlo J. Eduardo |
| 9 (RLIN) | 27343 |
| 245 10 - MENCIÓN DE TÍTULO | |
| Título | Apuntes sobre las danzas de Cuetzalan |
| Mención de responsabilidad, etc. | Eduardo Merlo J. ; Laura Elena Betancourt de Jiménez presidenta. |
| 260 ## - PUBLICACIÓN, DISTRIBUCIÓN, ETC. | |
| Lugar de publicación, distribución, etc. | [Puebla] |
| Nombre del editor, distribuidor, etc. | Proarte Puebla |
| Fecha de publicación, distribución, etc. | 1986 |
| 300 ## - DESCRIPCIÓN FÍSICA | |
| Extensión | 85 p. |
| Otras características físicas | il., fotografías (blanco y negro) |
| Dimensiones | 29 cm. |
| 500 ## - NOTA GENERAL | |
| Nota general | Au1782 |
| 500 ## - NOTA GENERAL | |
| Nota general | Incluye dedicatoria a Ruth Lechuga |
| 504 ## - NOTA DE BIBLIOGRAFÍA, ETC. | |
| Nota de bibliografía, etc. | Bibliografía: p. 81-82 |
| 650 14 - PUNTO DE ACCESO ADICIONAL DE MATERIA--TÉRMINO DE MATERIA | |
| Término de materia o nombre geográfico como elemento de entrada | Danzas populares y nacionales |
| Subdivisión geográfica | Cuetzalan (Puebla) |
| 9 (RLIN) | 27344 |
| 651 #4 - PUNTO DE ACCESO ADICIONAL DE MATERIA--NOMBRE GEOGRÁFICO | |
| Nombre geográfico | Cuetzalan (Puebla) |
| Subdivisión general | Vida social y costumbres |
| 9 (RLIN) | 27345 |
| 700 1# - PUNTO DE ACCESO ADICIONAL--NOMBRE DE PERSONA | |
| Nombre de persona | Betancourt de Jiménez, Laura Elena |
| 9 (RLIN) | 27346 |
| 902 ## - CATALOGADOR | |
| Iniciales | GRL |
| 942 ## - ELEMENTOS DE PUNTO DE ACCESO ADICIONAL (KOHA) | |
| Fuente del sistema de clasificación o colocación | Library of Congress Classification |
| Tipo de ítem Koha | Libros |
| Estado de retiro | Estado de pérdida | Estado dañado | No para préstamo | Localización permanente | Ubicación/localización actual | Fecha de adquisición | Número de inventario | Total de préstamos | Signatura topográfica completa | Código de barras | Fecha visto por última vez | Precio válido a partir de | Tipo de ítem Koha |
|---|---|---|---|---|---|---|---|---|---|---|---|---|---|
| El ejemplar forma parte de la colección y puede ser consultado según las políticas vigentes. | Biblioteca Centro de Estudios Ruth D. Lechuga | Biblioteca Centro de Estudios Ruth D. Lechuga | 18/03/2014 | Au1782 | GV1628.C8 .M47 1986 (Au1782) | GRL01738 | 22/03/2019 | 22/03/2019 | Libros |